| 000 | 00522nam a2200157Ia 4500 | ||
|---|---|---|---|
| 005 | 20240803101620.0 | ||
| 008 | 131103s9999 xx 000 0 und d | ||
| 040 | _aLoreto College | ||
| 041 | _aEnglish | ||
| 082 |
_a915.414 _bPER |
||
| 100 | _aSiliguri-Jalpaiguri Development Authority | ||
| 245 |
_aPerspective Plan 2025 _b Siliguri Jalpaiguri Planning Area. Volume I : Status Report _cSiliguri Jalpaiguri Development Authority |
||
| 650 | _aSiliguri Jalpaiguri Development Authority | ||
| 850 | _aLCLIB | ||
| 942 | _cBK | ||
| 999 |
_c17982 _d68461 |
||